000 00701nam a22002177a 4500
999 _c177992
_d177992
005 20210311152826.0
006 a|||||f|||| 00| 0
007 tc
008 180720b xxu||||| |||| 00| 0 eng d
010 _aBR-003132-BR-003134
020 _c05.00
035 _aBR-003132
037 _bA.I.C.B.
082 _a485
245 _aEnglish Grammar Translation and Composition
260 _aNew Delhi
_bA.C.I.B.
_cN.D.
270 _aSector-5, Rohini,
_b New Delhi
_e110085
300 _a3V.,various pages.
_c30cm (HB).
942 _2ddc
_cBRLEN
_h485
_mENG